000 00369nam a2200157Ia 4500
100 _aMehta/V.K/ Mehta/Rohit
650 _aElectrical Engineering
942 _cBK
366 _f20
245 _aPrinciples of electrical engineering and electronics
260 _bS.Chand & C0
_c1996
082 _a621.3/MEH
_bMEH
300 _a894
546 _aENGLISH
999 _c23174
_d23174